مكتبة جامعة عجلون الوطنية

فهرس بحث المكتبة

Normal view MARC view
  • هنكرتس، جون-ماري، م. مشارك لويز دوزوالد-بك-بك

Entry Personal Name

Number of records used in: 1

001 - CONTROL NUMBER

  • control field: 64471

003 - CONTROL NUMBER IDENTIFIER

  • control field: JO-AjAnu

005 - DATE AND TIME OF LATEST TRANSACTION

  • control field: 20230606084526.0

008 - FIXED-LENGTH DATA ELEMENTS

  • fixed length control field: 230606|| aca||aabn | a|a d

040 ## - CATALOGING SOURCE

  • Original cataloging agency: JO-AjAnu
  • Transcribing agency: JO-AjAnu

100 ## - HEADING--PERSONAL NAME

  • Personal name: هنكرتس، جون-ماري، م. مشارك لويز دوزوالد-بك-بك

670 ## - SOURCE DATA FOUND

  • Source citation: Work cat.: (JO-AjAnu)32951: هنكرتس، جون-ماري، م. مشارك لويز دوزوالد-بك-بك, author, القانون الدولي الانساني العرفي: القواعد، مج1